| 000 | 01759nam2a2200277 4500 | ||
|---|---|---|---|
| 001 | RU\NLR\BIBL_A\011654391 | ||
| 005 | 20260405112856.0 | ||
| 010 |
_a978-5-91005-031-5 _bт. 24 _9500 |
||
| 035 | _a(NLR Aleph) 011654391 | ||
| 090 |
_a11146317 _c11146317 |
||
| 100 | _a20180312d2014 |||y0rusy50 ca | ||
| 101 | 0 | _arus | |
| 102 | _aRU | ||
| 105 | _ac|||f|||000zy | ||
| 200 | 1 |
_aПреступления против безопасности движения и эксплуатации транспорта _f[Коробеев Александр Иванович, доктор юридических наук, профессор, заслуженный деятель науки Российской Федерации и др.] |
|
| 210 |
_d2014 _aБ. м. |
||
| 215 | _a697 с., [1] л. цв. портр. | ||
| 320 | _aБиблиогр. в тексте и в подстроч. примеч. | ||
| 461 | 0 |
_1001RU\NLR\bibl\854430 _12001#$aЭнциклопедия уголовного права$f[В.Б. Малинин - авт. и отв. ред. и др.]$vТ. 24 _91433246 _cСанкт-Петербург _d2005 _f[В. Б. Малинин - авт. и отв. ред. и др.] _nИздание профессора Малинина _tЭнциклопедия уголовного права _y5-91005-001-X _vТ. 24 |
|
| 606 | 1 |
_aТранспорт _xБезопасность движения _xПреступные нарушения _xУголовная ответственность _91824375 _3RU\NLR\AUTH\66824322 |
|
| 686 | 1 | _aХ628.112.016 | |
| 702 | 1 |
_4220 _8rus _7ca _aКоробеев _bА. И. _f1951- _gАлександр Иванович _3RU\NLR\AUTH\7743635 _926578 |
|
| 942 | _cBOOK | ||
| 980 | _aNB | ||